<?xml version="1.0" encoding="UTF-8"?>
<record
    xmlns:xsi="http://www.w3.org/2001/XMLSchema-instance"
    xsi:schemaLocation="http://www.loc.gov/MARC21/slim http://www.loc.gov/standards/marcxml/schema/MARC21slim.xsd"
    xmlns="http://www.loc.gov/MARC21/slim">

  <leader>01521nam a22002417a 4500</leader>
  <controlfield tag="003">NALT</controlfield>
  <controlfield tag="005">20250618163108.0</controlfield>
  <controlfield tag="008">220517b        th ||||| |||| 00| 0 tha d</controlfield>
  <datafield tag="040" ind1=" " ind2=" ">
    <subfield code="a">NALT</subfield>
  </datafield>
  <datafield tag="050" ind1=" " ind2=" ">
    <subfield code="a">DS 587</subfield>
    <subfield code="b">&#xE27;153&#xE1E; 2563</subfield>
  </datafield>
  <datafield tag="110" ind1="2" ind2=" ">
    <subfield code="a">&#xE2A;&#xE33;&#xE19;&#xE31;&#xE01;&#xE1E;&#xE23;&#xE30;&#xE23;&#xE32;&#xE0A;&#xE27;&#xE31;&#xE07;.</subfield>
    <subfield code="9">10034</subfield>
  </datafield>
  <datafield tag="245" ind1="1" ind2="0">
    <subfield code="a">&#xE1E;&#xE23;&#xE30;&#xE23;&#xE32;&#xE0A;&#xE01;&#xE23;&#xE13;&#xE35;&#xE22;&#xE01;&#xE34;&#xE08;&#xE23;&#xE30;&#xE2B;&#xE27;&#xE48;&#xE32;&#xE07;&#xE40;&#xE14;&#xE37;&#xE2D;&#xE19; &#xE21;&#xE01;&#xE23;&#xE32;&#xE04;&#xE21; - &#xE18;&#xE31;&#xE19;&#xE27;&#xE32;&#xE04;&#xE21; 2563 /</subfield>
    <subfield code="c">&#xE2A;&#xE33;&#xE19;&#xE31;&#xE01;&#xE1E;&#xE23;&#xE30;&#xE23;&#xE32;&#xE0A;&#xE27;&#xE31;&#xE07;. </subfield>
  </datafield>
  <datafield tag="260" ind1=" " ind2=" ">
    <subfield code="a">&#xE01;&#xE23;&#xE38;&#xE07;&#xE40;&#xE17;&#xE1E;&#xE2F; :</subfield>
    <subfield code="b">&#xE2D;&#xE21;&#xE23;&#xE34;&#xE19;&#xE17;&#xE23;&#xE4C;&#xE1E;&#xE23;&#xE34;&#xE49;&#xE19;&#xE15;&#xE34;&#xE49;&#xE07;&#xE41;&#xE2D;&#xE19;&#xE14;&#xE4C;&#xE1E;&#xE31;&#xE1A;&#xE25;&#xE34;&#xE0A;&#xE0A;&#xE34;&#xE48;&#xE07; &#xE08;&#xE33;&#xE01;&#xE31;&#xE14; (&#xE21;&#xE2B;&#xE32;&#xE0A;&#xE19;),</subfield>
    <subfield code="c">[2565].</subfield>
  </datafield>
  <datafield tag="300" ind1=" " ind2=" ">
    <subfield code="a">397 &#xE2B;&#xE19;&#xE49;&#xE32; :</subfield>
    <subfield code="b">&#xE20;&#xE32;&#xE1E;&#xE1B;&#xE23;&#xE30;&#xE01;&#xE2D;&#xE1A; ;</subfield>
    <subfield code="c">29 &#xE0B;&#xE21;.</subfield>
  </datafield>
  <datafield tag="600" ind1="0" ind2="4">
    <subfield code="9">15878</subfield>
    <subfield code="a">&#xE21;&#xE2B;&#xE32;&#xE27;&#xE0A;&#xE34;&#xE23;&#xE32;&#xE25;&#xE07;&#xE01;&#xE23;&#xE13; &#xE1A;&#xE14;&#xE34;&#xE19;&#xE17;&#xE23;&#xE40;&#xE17;&#xE1E;&#xE22;&#xE27;&#xE23;&#xE32;&#xE07;&#xE01;&#xE39;&#xE23;,</subfield>
    <subfield code="c">&#xE2A;&#xE21;&#xE40;&#xE14;&#xE47;&#xE08;&#xE1E;&#xE23;&#xE30;&#xE40;&#xE08;&#xE49;&#xE32;&#xE2D;&#xE22;&#xE39;&#xE48;&#xE2B;&#xE31;&#xE27;,</subfield>
    <subfield code="d">2495-</subfield>
  </datafield>
  <datafield tag="600" ind1="0" ind2="4">
    <subfield code="a">&#xE27;&#xE0A;&#xE34;&#xE23;&#xE40;&#xE01;&#xE25;&#xE49;&#xE32;&#xE40;&#xE08;&#xE49;&#xE32;&#xE2D;&#xE22;&#xE39;&#xE48;&#xE2B;&#xE31;&#xE27;, </subfield>
    <subfield code="c">&#xE1E;&#xE23;&#xE30;&#xE1A;&#xE32;&#xE17;&#xE2A;&#xE21;&#xE40;&#xE14;&#xE47;&#xE08;&#xE1E;&#xE23;&#xE30;,  </subfield>
    <subfield code="d">2495-</subfield>
    <subfield code="x">&#xE1E;&#xE23;&#xE30;&#xE23;&#xE32;&#xE0A;&#xE01;&#xE23;&#xE13;&#xE35;&#xE22;&#xE01;&#xE34;&#xE08;</subfield>
    <subfield code="9">46416</subfield>
  </datafield>
  <datafield tag="651" ind1=" " ind2="4">
    <subfield code="9">58068</subfield>
    <subfield code="a">&#xE44;&#xE17;&#xE22; </subfield>
    <subfield code="x">&#xE1B;&#xE23;&#xE30;&#xE27;&#xE31;&#xE15;&#xE34;&#xE28;&#xE32;&#xE2A;&#xE15;&#xE23;&#xE4C;</subfield>
    <subfield code="y">&#xE01;&#xE23;&#xE38;&#xE07;&#xE23;&#xE31;&#xE15;&#xE19;&#xE42;&#xE01;&#xE2A;&#xE34;&#xE19;&#xE17;&#xE23;&#xE4C;</subfield>
    <subfield code="y">&#xE23;&#xE31;&#xE0A;&#xE01;&#xE32;&#xE25;&#xE17;&#xE35;&#xE48; 10, 2495-</subfield>
    <subfield code="z"> </subfield>
  </datafield>
  <datafield tag="850" ind1=" " ind2=" ">
    <subfield code="a">NALT</subfield>
  </datafield>
  <datafield tag="942" ind1=" " ind2=" ">
    <subfield code="c">GB</subfield>
    <subfield code="2">lcc</subfield>
  </datafield>
  <datafield tag="996" ind1=" " ind2=" ">
    <subfield code="a">saiphon.d</subfield>
    <subfield code="b">CATSTF	</subfield>
    <subfield code="c">2023-06-06</subfield>
  </datafield>
  <datafield tag="999" ind1=" " ind2=" ">
    <subfield code="c">100103</subfield>
    <subfield code="d">100103</subfield>
  </datafield>
  <datafield tag="998" ind1=" " ind2=" ">
    <subfield code="j">1030</subfield>
    <subfield code="k"> &#xE19;&#xE32;&#xE07;&#xE2A;&#xE32;&#xE27;&#xE08;&#xE34;&#xE14;&#xE32;&#xE20;&#xE32;  &#xE17;&#xE31;&#xE1A;&#xE40;&#xE01;&#xE29;&#xE21;&#xE1B;&#xE34;&#xE15;&#xE34;&#xE42;&#xE2A;&#xE20;&#xE32;</subfield>
  </datafield>
  <datafield tag="952" ind1=" " ind2=" ">
    <subfield code="0">0</subfield>
    <subfield code="1">0</subfield>
    <subfield code="2">lcc</subfield>
    <subfield code="4">0</subfield>
    <subfield code="7">0</subfield>
    <subfield code="8">CGBL</subfield>
    <subfield code="a">NALT</subfield>
    <subfield code="b">NALT</subfield>
    <subfield code="c">GEN</subfield>
    <subfield code="d">2022-05-17</subfield>
    <subfield code="o">DS 587 &#xE27;153&#xE1E; 2563</subfield>
    <subfield code="p">3961212833</subfield>
    <subfield code="r">2022-06-09 00:00:00</subfield>
    <subfield code="w">2022-05-17</subfield>
    <subfield code="y">GB</subfield>
  </datafield>
</record>
